LEADER 01063 am 22002653u 450 001 9910346051603321 005 20191115 010 $a9783110657661 035 $a(CKB)4920000000094020 035 $a(OAPEN)1005731 035 $a(EXLCZ)994920000000094020 100 $a20191115d|||| uy 101 0 $aeng 135 $auuuuu---auuuu 200 10$aCOMPANY 210 $cDe Gruyter$d201911 215 $a1 online resource (291 Seiten) 311 $a3-11-065766-X 330 $aThe artistic research in COMPANY investigates behind the scenes of everyday worklife in a metalworking industrial enterprise. In photographs, videos, and conversations with the workers in this company, the authors search out signs and structures of that "company" with which bread is shared (lat. cum pane), a society which, despite seemingly predetermined rules, is always a work in progress. 700 $aSchneider$b Wolfgang$4aut$0517458 702 $aZobl$b Beatrix$4aut 906 $aBOOK 912 $a9910346051603321 996 $aCOMPANY$92189124 997 $aUNINA